000 00555cam a2200181 4500500
005 20260405002120.0
041 _afre
042 _adc
100 1 0 _ade Oliveira, Victorine
_eauthor
245 0 0 _aLe pionnier de la relativité
260 _c2015.
500 _a72
690 _aAlbert Einstein
690 _aPhysique
690 _aRelativité
786 0 _nPhilosophie magazine | 95 | 12-1 | 2015-12-01 | p. 65-65 | 1951-1787
856 4 1 _uhttps://shs.cairn.info/magazine-philosophie-magazine-2015-12-1-page-65?lang=fr&redirect-ssocas=7080
999 _c2054402
_d2054402